MARC

LEADER 00000nam0a2200000 4500
001 6696
005 20231101204508.0
010 |a 5701400921 
035 |a (RuTPU)RU\TPU\book\6733 
035 |a BOOK00006790 
090 |a 6696 
100 |a 20011209d1997 m y0rusy50 ca 
101 0 |a rus 
102 |a RU 
105 |a y j 000zy 
200 1 |a Теория вероятностей и математическая статистика  |e учебное пособие для студентов заочной формы обучения  |f В. Ф. Соболев, Е. Н. Митрофанов, Г. А. Бекишев, А. Т. Семенов  |g Новосибирская государственная академия экономики и управления 
210 |a Новосибирск  |c Изд-во НГАЭиУ  |d 1997 
215 |a 174 с. 
610 1 |a теория вероятностей 
610 1 |a математическая статистика 
610 1 |a учебные пособия 
610 1 |a заочное обучение 
675 |a 519.2(07)  |v 3 
701 1 |a Соболев  |b В. Ф.  |g Владимир Фагимович 
701 1 |a Митрофанов  |b Е. Н.  |g Евгений Николаевич 
701 1 |a Бекишев  |b Г. А.  |g Геннадий Андреевич 
701 1 |a Семенов  |b А. Т.  |g Александр Трофимович 
712 0 2 |a Новосибирская государственная академия экономики и управления  |2 stltpush  |3 (RuTPU)RU\TPU\col\50  |9 23155 
801 0 |a RU  |b 63413507  |c 20011209  |g PSBO 
801 2 |a RU  |b 63413507  |c 20200706  |g PSBO 
942 |c BK